|
|
|
|
| LEADER |
01090nam a2200301 a 4500 |
| 001 |
c000338003 |
| 003 |
CARM |
| 005 |
00000000000000.0 |
| 008 |
801102s1966 nyu 00000 eng d |
| 019 |
1 |
|
|a 2275213
|z 55565678
|5 LACONCORD2021
|
| 020 |
|
|
|a 023102746X
|
| 035 |
|
|
|a (OCoLC)256987
|5 LACONCORD2021
|
| 040 |
|
|
|d ASSD
|
| 050 |
0 |
0 |
|a HN65
|b M6
|
| 100 |
1 |
|
|a Morris, Robert,
|d 1910-
|
| 245 |
1 |
0 |
|a Feasible planning for social change /
|c by Robert Morris and Robert H. Binstock with the collaboration of Martin Rein.
|
| 260 |
|
|
|a New York :
|b Columbia University Press,
|c 1966.
|
| 300 |
|
|
|a xiii, 169 p. ;
|c 24 cm.
|
| 504 |
|
|
|a Bibliography: p. [159]-163.
|
| 650 |
|
0 |
|a Social policy.
|
| 650 |
|
0 |
|a Social change.
|
| 651 |
|
0 |
|a United States
|x Social policy.
|
| 700 |
1 |
|
|a Rein, Martin.
|
| 700 |
1 |
|
|a Binstock, Robert H.
|
| 852 |
8 |
|
|b CARM
|h A1:AN01F0
|i C09592
|p 0408995
|f BK
|
| 082 |
0 |
4 |
|a 309.20973
|
| 999 |
f |
f |
|i a28de708-6d4a-528a-8c60-37b654207980
|s 10edeb22-5fe8-501a-9f2d-2c6f08773c30
|
| 952 |
f |
f |
|p Can circulate
|a CAVAL
|b CAVAL
|c CAVAL
|d CARM 1 Store
|e C09592
|f A1:AN01F0
|h Other scheme
|i book
|m 0408995
|